Sears & Zemansky's college physics/ (Record no. 13126)
[ view plain ]
| 000 -LEADER | |
|---|---|
| fixed length control field | 01257cam a22003254a 4500 |
| 001 - CONTROL NUMBER | |
| control field | 14125196 |
| 005 - DATE AND TIME OF LATEST TRANSACTION | |
| control field | 20181003102651.0 |
| 008 - FIXED-LENGTH DATA ELEMENTS--GENERAL INFORMATION | |
| fixed length control field | 050929s2006 caua b 001 0 eng |
| 010 ## - LIBRARY OF CONGRESS CONTROL NUMBER | |
| LC control number | 2005028757 |
| 020 ## - INTERNATIONAL STANDARD BOOK NUMBER | |
| International Standard Book Number | 0805378219 (alk. paper) |
| 040 ## - CATALOGING SOURCE | |
| Original cataloging agency | DLC |
| Transcribing agency | DLC |
| Modifying agency | DLC |
| 042 ## - AUTHENTICATION CODE | |
| Authentication code | pcc |
| 050 00 - LIBRARY OF CONGRESS CALL NUMBER | |
| Classification number | QC23.2 |
| Item number | .Y68 2006 |
| 100 1# - MAIN ENTRY--PERSONAL NAME | |
| Personal name | Young, Hugh D. |
| 245 10 - TITLE STATEMENT | |
| Title | Sears & Zemansky's college physics/ |
| 246 3# - VARYING FORM OF TITLE | |
| Title proper/short title | Sears and Zemansky's college physics |
| 250 ## - EDITION STATEMENT | |
| Edition statement | 8th ed. / |
| Remainder of edition statement | Hugh D. Young, Robert M. Geller. |
| 260 ## - PUBLICATION, DISTRIBUTION, ETC. (IMPRINT) | |
| Place of publication, distribution, etc. | San Francisco : |
| Name of publisher, distributor, etc. | Pearson/Addison Wesley, |
| Date of publication, distribution, etc. | c2006 |
| 300 ## - PHYSICAL DESCRIPTION | |
| Extent | xxiv, 544 p. : |
| Other physical details | col. ill. ; |
| Dimensions | 28 cm |
| Accompanying material | +1 CD-ROM (4 3/4 in.) |
| 500 ## - GENERAL NOTE | |
| General note | 8th ed. of: College physics. |
| 504 ## - BIBLIOGRAPHY, ETC. NOTE | |
| Bibliography, etc | Includes bibliographical references and index. |
| 650 #0 - SUBJECT ADDED ENTRY--TOPICAL TERM | |
| Topical term or geographic name as entry element | Physics |
| Form subdivision | Textbooks. |
| 700 1# - ADDED ENTRY--PERSONAL NAME | |
| Personal name | Geller, Robert M. |
| 700 1# - ADDED ENTRY--PERSONAL NAME | |
| Personal name | Sears, Francis Weston, |
| Dates associated with a name | 1898-1975. |
| Title of a work | College physics. |
| 942 ## - ADDED ENTRY ELEMENTS (KOHA) | |
| Source of classification or shelving scheme | |
| Koha item type | Hard Covered Materials |
| Classification part | QC 23.2 .Y68 2006 |
| Koha issues (borrowed), all copies | 1 |
| Withdrawn status | Lost status | Source of classification or shelving scheme | Damaged status | Not for loan | Home library | Current library | Shelving location | Date acquired | Source of acquisition | Total Checkouts | Full call number | Barcode | Date last seen | Date last checked out | Price effective from | Koha item type |
|---|---|---|---|---|---|---|---|---|---|---|---|---|---|---|---|---|
| MACHAKOS UNIVERSITY LIBRARY | MACHAKOS UNIVERSITY LIBRARY | Open shelf | 10/08/2016 | Donation (BFA) | 3 | QC 23.2 .Y68 2006 | 21064 | 09/11/2023 | 23/10/2023 | 10/08/2016 | Hard Covered Materials |